[Event "Moscow Smyslov-C"]
[Site "Moscow"]
[Date "2025.06.09"]
[Round "8"]
[White "Boyarchenko, Maxim"]
[Black "Matveev, Erik"]
[Result "1/2-1/2"]
[WhiteElo "1649"]
[BlackElo "1668"]
[PlyCount "61"]
[EventDate "2025.06.02"]
[EventType "swiss"]
[EventRounds "8"]
[EventCountry "RUS"]
[SourceTitle "CB29_2025"]
[SourceDate "2025.07.16"]
[SourceVersion "1"]
[SourceVersionDate "2025.07.16"]
[SourceQuality "1"]

1. e4 c6 2. d4 d5 3. e5 c5 4. Nf3 Bg4 5. c3 e6 6. Be3 Nc6 7. Nbd2 Qb6 8. h3 Bf5 9. dxc5 Qxb2 10. Nd4 Qxc3 11. Rc1 Qa5 12. Bb5 Nge7 13. 0-0 a6 14. N2b3 Qc7 15. Ba4 Bg6 16. g4 h5 17. f4 hxg4 18. hxg4 Be4 19. Nd2 g5 20. Nxe4 dxe4 21. Qc2 gxf4 22. Bxf4 0-0-0 23. Nxc6 Nxc6 24. Rcd1 Bh6 25. Rxd8+ Qxd8 26. Qxe4 Bxf4 27. Rxf4 Qe7 28. Bxc6 Qxc5+ 29. Kg2 bxc6 30. Rxf7 Rd8 31. Rf2 1/2-1/2